Open Law Journal

Bibliographic Details
Format: Journal
Language:English
Published: [S.l.] : Bentham open.
Subjects:
Online Access:Acceso restringido

MARC

LEADER 00000nas a2200000 4500
005 20110823120019.0
008 091016c19uu9999xx r p s 0000a0eng d
022 |a 1874-950X 
035 |a 5669 
040 |a BUS  |d vLex 
090 |c 2249  |d 2249 
245 3 0 |a Open Law Journal  |h [Recurso electrn̤ico] 
256 |a Servicio en ln̕ea. 
260 |a [S.l.] :  |b Bentham open. 
310 |a Anual 
362 1 |a Nm︢. 1 (2008) - 
500 |a The Open Law Journal, is an Open Access online journal which publishes original research articles, reviews and short articles in all areas of United States Federal and State law, and International law. The Open Law Journal, a peer reviewed journal, aims to provide the most complete and reliable source of information on current developments in the field. The journal will serve as a forum for research and ideas by leading professors, judges, practitioners, and students of law. The emphasis will be on publishing quality articles rapidly and freely available worldwide.  
506 1 |a Contenido solo disponible en los productos indicados  |d vLex Global  |d vLex Global (Academic Edition, excluding Law Schools)  |d vLex Global (U.S. Academic Edition, Law Schools)  |d vLex Global (U.S. Academic Edition, excluding Law Schools)  |d vLex Global (Academic Edition, Law Schools) 
650 0 4 |a Derecho internacional  |x Publicaciones perid̤icas. 
740 0 |a vLex Revistas (Servicio en ln̕ea) 
856 4 0 |u http://vlex.com/source/5669  |z Acceso restringido 
942 |c REV